| 000 | 00770nam0a22002531 4500 | ||
|---|---|---|---|
| 001 | rc\4017524 | ||
| 005 | 20250611060233.0 | ||
| 021 |
_aRU _b[53-10890] |
||
| 035 | _a(NLR Aleph) 008084029 | ||
| 090 |
_a9141914 _c9141914 |
||
| 100 | _a20130415d1953 |||y0rusy50 ca | ||
| 101 | 0 | _arus | |
| 102 | _aRU | ||
| 105 | _aa z ||||| | ||
| 200 | 1 | _aЭлектродный обогрев парников | |
| 210 |
_aКемерово _cКузбасс _d1953 |
||
| 215 |
_a62 с. _cил. _d22 |
||
| 606 |
_aПарники и теплицы _xОбогрев электродный _2psbo |
||
| 700 | 1 |
_aЕсиев _bХ.А. _gХазби Агубекирович |
|
| 801 | 0 |
_aRU _bNLR _gpsbo |
|
| 801 | 1 |
_aRU _bELAR _2rusmarc |
|
| 852 |
_aNLR _jС40 Г-6/250 |
||
| 942 | _cBOOK | ||
| 980 | _aNB | ||